000 00690nam a2200181 a 4500
008 060609s2005 ||||||||||||||||| || u
050 _aIBRD(08)PRWP/3782
100 _aRavallion, Martin
245 1 0 _aWho cares about relative deprivation?
260 _aWashington, D. C
_bWorld Bank
_c2005
300 _a46p.ill.
350 _a0.00
490 _aWorld Bank policy research working papers
650 0 _aAFRICA--ECONOMIC CONDITIONS
650 _aRELATIVE DEPRIVATION--RESEARCH
700 _aLokshin, Michael
995 _D0.00
_FCBU-MAIN LIBRARY (Kitwe)
_H1
_I0.00
_M1
_UAVAILABLE
_WJun 9, 2006
_ZInternational Publications
999 _c61717
_d61717